Evaluación inicial de riesgos laborales por puestos de trabajo en la Escuela Normal Central de Managua Alesio Blandón Juárez

El propósito de la evaluación de riesgos laborales, es aportar a la reducción de riesgos, de accidentes de trabajo, de enfermedades profesionales y de la prevención de cualquier otra circunstancia que se considerare peligrosa, así todos los colaboradores de ésta Escuela serán beneficiados, de...

Full description

Bibliographic Details
Main Author: Rocha Solano, Miguel Antonio
Other Authors: Tutor: Vílchez Torres, Marcos Luis
Format: Tesis Section = Libro
Language:Undetermined
Spanish
Published: Managua UNI 2022
Subjects:
LEADER 01507nam a2200253Ia 4500
008 240830s9999 xx 000 0 und d
040 |a BIBLIOTECA-RUPAP/ Mon 363.11 R672 
041 |a spa 
082 |a Mon 363.11 R672 
100 1 |a Rocha Solano, Miguel Antonio 
245 1 0 |a Evaluación inicial de riesgos laborales por puestos de trabajo en la Escuela Normal Central de Managua Alesio Blandón Juárez 
260 |a Managua  |b UNI  |c 2022 
300 |a 348 p. :il. 
500 |a Contiene: anexos y CD. 
502 |a Tesis (Ingeniero Industrial) - UNI, 2022. 
520 3 |a El propósito de la evaluación de riesgos laborales, es aportar a la reducción de riesgos, de accidentes de trabajo, de enfermedades profesionales y de la prevención de cualquier otra circunstancia que se considerare peligrosa, así todos los colaboradores de ésta Escuela serán beneficiados, debido a que se estará disminuyendo los riesgos que atentan contra la integridad de los recursos de la escuela como: el personal, equipos, maquinaria, y tiempo; además ayudará a mejorar la relación del trabajador frente a sus actividades y que el mismo se encuentre en un ambiente estable de trabajo, lo que se reflejará en su rendimiento y por ende a la productividad. 
650 7 |a EVALUACION DE RIESGOS 
650 7 |b  SEGURIDAD INDUSTRIAL 
650 7 |c  SALUD OCUPACIONAL 
650 7 |d  ACCIDENTES LABORALES 
700 1 |a Tutor:  |b Vílchez Torres, Marcos Luis 
942 |c BK  |2 ddc 
991 |a Tesis 
999 |c 27655